Wolves Squad 23/24 - Statistics

General Stats
  • This quiz has been taken 140 times
    135 since last reset
  • The average score is 18 of 25
Answer Stats
# Former Club Nation Answer % Correct
1 Olympiacos Portugal Jose Sa
96%
11 RB Leipzig South Korea Hee Chan Hwang
89%
2 Atletico Madrid Ireland Matt Doherty
89%
22 Barcelona Portugal Nelson Semedo
84%
7 Lazio Portugal Pedro Neto
84%
12 Atletico Madrid Brazil Matheus Cunha
83%
15 West Ham England Craig Dawson
82%
5 OGC Nice Gabon Mario Lemina
81%
21 PSG Spain Pablo Sarabia
81%
23 Maidenhead Utd England Maximilian Kilman
78%
8 Flamengo Brazil Joao Gomes
77%
17 Youth Spain Hugo Bueno
74%
3 Angers France Rayan Ait-Nouri
74%
4 Girona Uruguay Santiago Bueno
74%
10 Olympiacos Portgual Daniel Podence
72%
6 FC Metz Mali Boubacar Traore
66%
20 Man City England Tommy Doyle
65%
9 FC Porto Portugal Fabio Silva
61%
24 Grasshoppers Portugal Toti
60%
- Strasbourg France Jean-Ricner Bellegarde
56%
18 Stuttgart Austria Sasa Kalajdzic
53%
30 Libertad Paraguay Enso Gonzalez
51%
25 Bristol City England Dan Bentley
49%
19 Atletico Madrid Spain Jonny
46%
40 Northampton England Tom King
40%
No matching quizzes found
Score Distribution
Percent of People with Each Score
Percentile by Number Answered
Your Score History
You have not taken this quiz since the last reset